000
00486nam a2200181Ia 4500
008
090123s9999 xx 000 0 und d
082
_b
38000
100
_a
नाईक वसंत
245
_a
फीनिक्स
250
_a
0
260
_b
अनघा प्रकाशन
_c
2005
300
_a
136
600
_a
नाईक वसंत
630
_a
फीनिक्स
700
_a
नाईक वसंत
730
_a
फीनिक्स
942
_c
BOOK
999
_c
76068
_d
76068